Human resource management : a strategic approach

Αποθηκεύτηκε σε:
Λεπτομέρειες βιβλιογραφικής εγγραφής
Κύριος συγγραφέας: Anthony, William P.
Άλλοι συγγραφείς: Perrewe, Pamela L., Kacmar, K. Michele
Μορφή: Βιβλίο
Γλώσσα:English
Δημοσίευση: Fort Worth : Dryden Press, c1999
Έκδοση:3rd ed.
Θέματα:
Ετικέτες: Προσθήκη ετικέτας
Δεν υπάρχουν, Καταχωρήστε ετικέτα πρώτοι!

MARC

LEADER 00000cam a2200000 i 4500
001 1/16345
008 010126s1999 eng d
020 |a 0-03-022377-6 
035 |l 10065740 
040 |a GR-MY-UA  |b gre  |e aacr 
041 0 |a eng 
082 0 |a 658.3 
100 1 |a Anthony, William P. 
245 1 0 |a Human resource management :  |b a strategic approach /  |c William P. Anthony, Pamela L. Perrewe, K. Michele Kacmar 
250 |a 3rd ed. 
260 |a Fort Worth :   |b Dryden Press,   |c c1999 
300 |a xxi, 904 p. 
504 |a Includes indexes 
650 0 0 |a Personnel management. 
700 1 |a Perrewe, Pamela L. 
700 1 |a Kacmar, K. Michele. 
852 |a INST  |b CHIOS  |e 20010126  |h 658.3 ANT  |p 005200021480  |q 005200021480  |t BK  |y 4  |x 20131031 
901 |a BIBL2-2001-1 
909 |a Χ  |b 083070 
970 |a ΣΠΕΝΤΖΑ  |b ΕΛΕΝΗ  |z 2001/01/26